00189nam a2200085Ia 4500008004100000100001700041245003000058260000900088300000600097180219s9999 xx 000 0 und d aNorton Peter 0aIntroduction To Computers c2011 a0